Namazda okunacak dua ve zikirler: Arapça metni, Türkçe okunuşu ve Türkçe meali (Record no. 13259)

000 -LEADER
fixed length control field 00987nmm a2200289 a 4500
001 - CONTROL NUMBER
control field ocm0001232039
003 - CONTROL NUMBER IDENTIFIER
control field TR-IsHL
005 - DATE AND TIME OF LATEST TRANSACTION
control field 20201028155757.0
008 - FIXED-LENGTH DATA ELEMENTS--GENERAL INFORMATION
fixed length control field 150709s2014 tu tur
007 - PHYSICAL DESCRIPTION FIXED FIELD--GENERAL INFORMATION
fixed length control field cr cn
020 ## - INTERNATIONAL STANDARD BOOK NUMBER
International Standard Book Number 9786055176631
035 ## - SYSTEM CONTROL NUMBER
System control number 1232039
-- (N$T)
050 04 - LIBRARY OF CONGRESS CALL NUMBER
Classification number BP178
Item number .N353 2014
090 04 - LOCALLY ASSIGNED LC-TYPE CALL NUMBER (OCLC); LOCAL CALL NUMBER (RLIN)
Classification number (OCLC) (R) ; Classification number, CALL (RLIN) (NR) BP178
Local cutter number (OCLC) ; Book number/undivided call number, CALL (RLIN) .N353 2014
245 10 - TITLE STATEMENT
Title Namazda okunacak dua ve zikirler: Arapça metni, Türkçe okunuşu ve Türkçe meali
Medium [electronic resource] /
Statement of responsibility, etc. hazırlayan Tekin Mıhçı
260 ## - PUBLICATION, DISTRIBUTION, ETC.
Place of publication, distribution, etc. Konya :
Name of publisher, distributor, etc. Eğitim Akademi Yayınevi,
Date of publication, distribution, etc. 2014
300 ## - PHYSICAL DESCRIPTION
Extent 178 p.
650 #4 - SUBJECT ADDED ENTRY--TOPICAL TERM
Topical term or geographic name entry element Felsefe, Psikoloji ve Din
650 #4 - SUBJECT ADDED ENTRY--TOPICAL TERM
Topical term or geographic name entry element Philosophy, Psychology and Religion
650 #0 - SUBJECT ADDED ENTRY--TOPICAL TERM
Topical term or geographic name entry element Dua
General subdivision İslam
650 #0 - SUBJECT ADDED ENTRY--TOPICAL TERM
Topical term or geographic name entry element Prayer
General subdivision Islam
650 #0 - SUBJECT ADDED ENTRY--TOPICAL TERM
Topical term or geographic name entry element Namaz
General subdivision İslam
650 #0 - SUBJECT ADDED ENTRY--TOPICAL TERM
Topical term or geographic name entry element Prayer
General subdivision Islam
650 #7 - SUBJECT ADDED ENTRY--TOPICAL TERM
Topical term or geographic name entry element RELIGION / Prayerbooks / Islamic
Source of heading or term bisacsh
700 1# - ADDED ENTRY--PERSONAL NAME
Personal name Mıhçı, Tekin
856 40 - ELECTRONIC LOCATION AND ACCESS
Uniform Resource Identifier <a href="http://search.ebscohost.com/login.aspx?direct=true&scope=site&db=e011xww&AN=1232039">http://search.ebscohost.com/login.aspx?direct=true&scope=site&db=e011xww&AN=1232039</a>
Holdings
Withdrawn status Lost status Source of classification or shelving scheme Damaged status Not for loan Collection code Permanent Location Current Location Date acquired Total Checkouts Full call number Barcode Date last seen Price effective from Koha item type
        Online   Kıbrıs Amerikan Üniversitesi Kütüphanesi / American University of Cyprus Kıbrıs Amerikan Üniversitesi Kütüphanesi / American University of Cyprus 28.10.2020   BP178 .N353 2014 1232039 28.10.2020 28.10.2020 E-Kitap
Devinim Yazılım Eğitim Danışmanlık tarafından Koha'nın orjinal sürümü uyarlanarak geliştirilip kurulmuştur.